<?xml version="1.0" encoding="UTF-8"?>
<collection xmlns:xsi="http://www.w3.org/2001/XMLSchema-instance" xsi:schemaLocation="http://www.loc.gov/MARC21/slim http://www.loc.gov/standards/marcxml/schema/MARC21slim.xsd" xmlns="http://www.loc.gov/MARC21/slim">
 <record>
  <leader>00000cam a22000004i 4500</leader>
  <controlfield tag="001">UP-99796217611881740</controlfield>
  <controlfield tag="003">Buklod</controlfield>
  <controlfield tag="005">20151122174945.0</controlfield>
  <controlfield tag="006">a     r    |||| u|</controlfield>
  <controlfield tag="007">ta</controlfield>
  <controlfield tag="008">151122s2013    xx     d     r    |||| u|</controlfield>
  <datafield tag="020" ind1=" " ind2=" ">
   <subfield code="a">9781118305133 (pbk.)</subfield>
  </datafield>
  <datafield tag="035" ind1=" " ind2=" ">
   <subfield code="a">(iLib)UPD-00252006134</subfield>
  </datafield>
  <datafield tag="040" ind1=" " ind2=" ">
   <subfield code="a">DLC</subfield>
   <subfield code="d">DCAL</subfield>
   <subfield code="e">rda</subfield>
  </datafield>
  <datafield tag="041" ind1="0" ind2=" ">
   <subfield code="a">eng</subfield>
  </datafield>
  <datafield tag="042" ind1=" " ind2=" ">
   <subfield code="a">DMLUC</subfield>
  </datafield>
  <datafield tag="090" ind1=" " ind2=" ">
   <subfield code="a">PN 4784 F37</subfield>
   <subfield code="b">S86 2013</subfield>
  </datafield>
  <datafield tag="100" ind1="1" ind2=" ">
   <subfield code="a">Sumner, David E.</subfield>
   <subfield code="d">1946-</subfield>
   <subfield code="e">author.</subfield>
  </datafield>
  <datafield tag="245" ind1="1" ind2="0">
   <subfield code="a">Feature &amp; magazine writing</subfield>
   <subfield code="b">action, angle, and anecdotes</subfield>
   <subfield code="c">David E. Sumner and Holly G. Miller.</subfield>
  </datafield>
  <datafield tag="246" ind1="3" ind2="0">
   <subfield code="a">Feature and magazine writing</subfield>
  </datafield>
  <datafield tag="250" ind1=" " ind2=" ">
   <subfield code="a">Third edition.</subfield>
  </datafield>
  <datafield tag="264" ind1=" " ind2="1">
   <subfield code="a">Chichester, West Sussex, United Kingdom</subfield>
   <subfield code="b">Wiley-Blackwell</subfield>
   <subfield code="c">2013.</subfield>
  </datafield>
  <datafield tag="300" ind1=" " ind2=" ">
   <subfield code="a">329 pages</subfield>
   <subfield code="c">23 cm</subfield>
  </datafield>
  <datafield tag="336" ind1=" " ind2=" ">
   <subfield code="a">text</subfield>
   <subfield code="2">rdacontent</subfield>
  </datafield>
  <datafield tag="337" ind1=" " ind2=" ">
   <subfield code="a">unmediated</subfield>
   <subfield code="2">rdamedia</subfield>
  </datafield>
  <datafield tag="338" ind1=" " ind2=" ">
   <subfield code="a">volume</subfield>
   <subfield code="2">rdacarrier</subfield>
  </datafield>
  <datafield tag="504" ind1=" " ind2=" ">
   <subfield code="a">Includes bibliographical references and index.</subfield>
  </datafield>
  <datafield tag="505" ind1="0" ind2=" ">
   <subfield code="a">What makes a story interesting? -- How to find an original idea -- Strong angles and focused ideas -- Digging deep for original stories -- Talking pointers : how to conduct great interviews -- To market, to market : shopping your words around -- Pitch-perfect query letters -- Where to begin : the first 100 words -- Action, brevity, and style -- Anecdotes : mining for gold -- Briefs : shortcuts to publication -- Profiles : slices of life -- Writing nonfiction narratives -- Eliminating the ho-hum from the how-to -- Making a timely calendar connection -- Writing about trends and issues -- Building a story blog -- Long-form digital storytelling -- Advancing beyond the slush pile -- Before you hit the &quot;send&quot; button : a checklist -- Careers in magazine publishing.</subfield>
  </datafield>
  <datafield tag="520" ind1=" " ind2=" ">
   <subfield code="a">&quot;Updated with fresh facts, examples and illustrations, along with two new chapters on digital media and blogs this third edition continues to be the authoritative and essential guide to writing engaging and marketable feature stories. Covers everything from finding original ideas and angles to locating expert sources Expanded edition with new chapters on storytelling for digital media and building a story blog Captivating style exemplifies the authors' expert guidance Authors combines academic authority with professional know-how Comprehensive coverage of all the angles, including marketing written work and finding jobs in the publishing industry Essential reading for anyone wishing to become a strong feature writer &quot;--Provided by publisher.</subfield>
  </datafield>
  <datafield tag="650" ind1=" " ind2="0">
   <subfield code="a">Feature writing.</subfield>
  </datafield>
  <datafield tag="650" ind1=" " ind2="0">
   <subfield code="a">Journalism</subfield>
   <subfield code="x">Authorship.</subfield>
  </datafield>
  <datafield tag="700" ind1="1" ind2=" ">
   <subfield code="a">Miller, Holly G.</subfield>
   <subfield code="e">author.</subfield>
  </datafield>
  <datafield tag="700" ind1="1" ind2=" ">
   <subfield code="a">Sumner, David E.</subfield>
   <subfield code="d">1946-</subfield>
   <subfield code="t">Feature and magazine writing.</subfield>
  </datafield>
  <datafield tag="775" ind1="0" ind2="8">
   <subfield code="i">Revision of</subfield>
   <subfield code="a">Sumner, David E., 1946-</subfield>
   <subfield code="t">Feature &amp; magazine writing</subfield>
   <subfield code="b">2nd ed.</subfield>
   <subfield code="d">Chichester, U.K. ; Malden, MA : Wiley-Blackwell, 2009.</subfield>
  </datafield>
  <datafield tag="905" ind1=" " ind2=" ">
   <subfield code="a">FO</subfield>
  </datafield>
  <datafield tag="852" ind1="0" ind2=" ">
   <subfield code="a">UPD</subfield>
   <subfield code="b">DCAL</subfield>
   <subfield code="h">PN 4784 F37 S86 2013</subfield>
  </datafield>
  <datafield tag="942" ind1=" " ind2=" ">
   <subfield code="a">Book</subfield>
  </datafield>
 </record>
</collection>
